Senzační příběhy Čtyřlístku : 2002 /

Souborné vydání kreslených příběhů slavného Čtyřlístku z roku 2002 přináší osmnáct dobrodružství Fifinky, Bobíka, Myšpulína a Pindi a jeden bonusový příběh Rexíka.

Hlavní autor: Štíplová, Ljuba, 1930-2009
Další autoři: Kovářová, Lenka, Poborák, Jiří, 1942-, Havelka, Stanislav, 1939-2018, Lamková, Hana, 1934-, Lamka, Josef, 1931-2009, Ladislav, Karel, 1947-, Němeček, Jaroslav, 1944-
Jazyk: Čeština
Vydáno: Praha : Čtyřlístek, 2019
Vydání: 1. souborné vydání
Edice: Čtyřlístek (Čtyřlístek)
Velká kniha
Témata:
Fyzický popis: 192 stran : barevné ilustrace ; 31 cm
Knihy
Uloženo v:
LEADER 03129nam a2200589 i 4500
001 nkc20193156103
003 CZ PrNK
005 20250926121142.0
007 ta
008 191025s2019 xr a b 6 000 1 cze
015 |a cnb003156103 
020 |a 978-80-87849-40-8  |q (vázáno) :  |c Kč 450,00 
035 |a (OCoLC)1544835237 
040 |a ABG001  |b cze  |d ABA001  |e rda 
072 7 |a 741.52  |x Komiksy. Komiksové adaptace  |2 Konspekt  |9 21 
072 7 |a 821-93  |x Literatura pro děti a mládež (beletrie)  |2 Konspekt  |9 26 
080 |a 741.52(0:82-32)  |2 MRF 
080 |a 821-93  |2 MRF 
100 1 |a Štíplová, Ljuba,  |d 1930-2009  |7 jk01131441  |4 aut 
245 1 0 |a Senzační příběhy Čtyřlístku :  |b 2002 /  |c Ljuba Štíplová, Lenka Kovářová, Jiří Poborák, Stanislav Havelka, Hana a Josef Lamkovi, Jaroslav Němeček 
250 |a 1. souborné vydání 
264 1 |a Praha :  |b Čtyřlístek,  |c 2019 
300 |a 192 stran :  |b barevné ilustrace ;  |c 31 cm 
336 |a text  |b txt  |2 rdacontent 
336 |a statický obraz  |b sti  |2 rdacontent 
337 |a bez média  |b n  |2 rdamedia 
338 |a svazek  |b nc  |2 rdacarrier 
490 1 |a Čtyřlístek 
490 1 |a Velká kniha ;  |v 18. 
500 |a Ilustrace Jaroslav Němeček 
505 1 0 |t Sopečný výbuch --  |t Neváhej a natoč to! --  |t Golem jde s námi! --  |t Starý automat --  |t Dračice --  |t V říši hraček --  |t Sportovci --  |t Sněhulák v poušti --  |t Poprask v zoo --  |t V zajetí včel --  |t Zakletá motorka --  |t Kouzelník Lamudán --  |t Jednorožec --  |t Patálie s Vulkánem --  |t Vlak do Bubákova --  |t Maxijablko --  |t Dva za jednoho --  |t Smlouva s čertem 
505 2 0 |t Rexík a numerologie /  |r napsal K. Ladislav 
520 2 |a Souborné vydání kreslených příběhů slavného Čtyřlístku z roku 2002 přináší osmnáct dobrodružství Fifinky, Bobíka, Myšpulína a Pindi a jeden bonusový příběh Rexíka.  |b Již osmnáctá velká kniha této oblíbené edice obsahuje příběhy z čísel 327 až 344 z roku 2002. Všechny tyto příběhy mají jedno společné. A to, že jsou plné dobrodružství, napětí, humoru a především kamarádství. Vždyť čtyři přátelé z Třeskoprsk baví děti již celých padesát let. Nakladatelská anotace. Kráceno. 
655 7 |a komiksy  |7 fd131978  |2 czenas 
655 7 |a publikace pro děti  |7 fd133156  |2 czenas 
655 9 |a comics (graphic works)  |2 eczenas 
655 9 |a children's literature  |2 eczenas 
700 1 |a Kovářová, Lenka  |4 aut 
700 1 |a Poborák, Jiří,  |d 1942-  |7 mzk2004236870  |4 aut 
700 1 |a Havelka, Stanislav,  |d 1939-2018  |7 jx20040406017  |4 aut 
700 1 |a Lamková, Hana,  |d 1934-  |7 jk01071444  |4 aut 
700 1 |a Lamka, Josef,  |d 1931-2009  |7 jk01071443  |4 aut 
700 1 |a Ladislav, Karel,  |d 1947-  |7 mzk2004236871  |4 aut 
700 1 |a Němeček, Jaroslav,  |d 1944-  |7 jk01083128  |4 ill 
830 0 |a Čtyřlístek (Čtyřlístek)  |0 s 
830 0 |a Velká kniha  |0 s 
910 2 |a BOA001  |b 4-1442.399 
920 |a 4504176  |z ABG001 
990 |a BK 
995 |a 01 
991 |b 202002  |c NOV 
996 6 |b 2610814193  |c 4-1442.399  |l MZK  |r Sklad / do 1 hodiny  |n 8  |p p.v.  |w 001781042  |u 000010  |a 1  |e BOA001  |j MZK50  |s P